00578nam a2200193Ia 4500008004100000020001800041082001600059100002400075245003400099250000600133260003900139300001500178500002400193650001500217700003200232942000700264952009600271999001700367230524s9999 xx 000 0 und d a9789384588236 a629.83bGUP aAditi Gupta 943014 0aAutomatic Control Engineering a1 aNew DelhibI.K.Internationalc2015 a"IX,299p;" aQuantity Number: 1 aElectrical a Yajvender Pal Verma943015 cBK 00104070aTATCLbTATCLcGENd2023-05-24l0o629.83 GUPp54249r2023-05-24w2023-05-24yBK c57958d57958